| 000 | 00739nam a2200241 a 4500 | ||
|---|---|---|---|
| 001 | 61965 | ||
| 003 | BD-RjUL | ||
| 005 | 20211209081026.0 | ||
| 008 | 170122s1969 nyua b 001 0 eng | ||
| 035 | _a(BD-RjUL)62090 | ||
| 040 |
_aDLC _cDLC _dBD-RjUL _beng |
||
| 041 | _aeng | ||
| 082 | 0 | 0 |
_a658.87 _223 _bDAR 1969 |
| 100 | 1 |
_aDalrymple, Douglas J. _9184413 |
|
| 245 | 1 | 0 |
_aRetailing : _ban economic view / _cDouglas J. Dalrymple and Donald L. Thompson. |
| 260 |
_aNew York : _bFree Press, _cc1969. |
||
| 300 |
_avii, 381 p. : _bill. ; _c24 cm. |
||
| 504 | _aIncludes index and bibliographies. | ||
| 650 | 0 |
_aRetail trade. _9183416 |
|
| 700 | 1 |
_aThompson, Donald L., _ejoint author. _9184414 |
|
| 942 |
_2ddc _cBK |
||
| 999 |
_c61965 _d61965 |
||